Регионална библиотека "Любен Каравелов" - Русе

История на Русия (Запис номер 98711)

MARC детайли
000 -Лидер
Контролно поле с фиксирана дължина 01514nam a2200361 c 4500
003 - Код на организацията, давaща контролен номер
Контролно поле BLK
005 - Дата и час на последна редакция
Контролно поле 20250301120016.0
008 - Елементи от данни с фиксирана дължина
fixed length control field 180409b bul|||||r ||||||| ||bul||
010 ## - Наследен системен номер
LC control number KNG00103660000
020 ## - Международен стандартен номер на книга ISBN
Международен стандартен номер на книга ISBN 954-528-338-6
-- издат.: Труд
040 ## - Източник на каталожния запис
Идентификатор на билиотеката - собственик на записа BLK
041 ## - Код за език
Код за езика на текст/звукозапис или на отделно заглавие Български
Код за езика КДБФ Български
080 ## - УДК
Текстов определител УДК История на Русия и СССР. Вж и 936 ; 957
УДК код - определител по УДК 94(470)
УДК определител (075.8)
УДК - код + определител 94(470)(075.8)
100 1# - Редна дума - Автор
Автор Орлов, Александър Сергеевич
Авторска отговорност първи автор
R(LIN) 307757
139 ## - Редно поле
Редна дума История на Русия
Авторски знак Истор - И 95
245 10 - Сведения за заглавието
Заглавие История на Русия
Подзаглавни данни От най-древни времена до наши дни : Учебник
Редно поле (дума) Александър Сергеевич Орлов; прев. Димитър Петков; прев. Петя Димитрова.
257 ## - Страна на издаване
Страна на създаване/издаване Русия
260 ## - Област на издателските данни
-- София
Име на издателя, разпространителя и проч. Труд
Година на издаване 2002
Печатница София : Инвестпрес
300 ## - Физическа характеристика
Страници 624 с.
Илюстрации и др. с портр., к.
Размери/Мащаб 23 см
380 ## - Жанр
Жанр История
650 #4 - Допълнително описание по предмет – тема
Основно описание – тема или топоним Русия - история
9 (RLIN) 249464
651 #4 - Допълнително описание по предмет - топоним
Географско понятие Русия
9 (RLIN) 179465
653 ## - Ключова дума – ненормативна
Ключова дума история
653 ## - Ключова дума – ненормативна
Ключова дума Русия
700 1# - Други автори (авторска отговорност)
Лично име Петков, Димитър
Автороска отговорност (Описва отношението между автора и произведението) прев.
9 (RLIN) 365920
700 1# - Други автори (авторска отговорност)
Лично име Димитрова, Петя
Друга информация Петрова, Петя Димитрова
9 (RLIN) 365654
852 ## - Местоположение
Форматна сигнатура Цб 212934
856 4# - Електронен адрес и достъп
Електронен формат pdf - файл
Път до файла /url/
856 4# - Електронен адрес и достъп
Електронен формат pdf - файл
Път до файла /url/
942 ## - АРТИКУЛИ
Вид на библиотечния материал Книги
Скрит в OPAC Не
Koha issues (borrowed), all copies 13
944 ## - СЪЗДАВАНЕ И РЕДАКЦИЯ на ЗАПИСА
Създаване/Редакция Създаване
Дата на регистрацията/редакция 01.01.2002
Служител, извършил регистрацията/редакцията 30545
Статус, дата на статуса Нора Радева
944 ## - СЪЗДАВАНЕ И РЕДАКЦИЯ на ЗАПИСА
Създаване/Редакция Редакция
Дата на регистрацията/редакция 28.11.2014
Служител, извършил регистрацията/редакцията Виолета_Тройчева
999 ## - СИСТЕМНИ КОНТРОЛНИ НОМЕРА
Koha biblionumber 98711
Koha biblioitemnumber 98711
Наличности
Код за отписване Код за изгубен артикул Източник на класификационната схема Код за повреда Коз за рестрикции Код за отдаване Артикулен № Име на библиотеката - собственик Име на библиотеката, в която се намира в момента Статус (Текущо местоположение) Дата на вписване в системата Местоположение - отдел Цена в лева Инвентарен номер Систематично азбучна сигнатура Баркод Номер на екземпляра Цена в евро Служебна бележка Служебен тип на артикула
  Не е изгубен Universal Decimal Classification Не е повреден без рестрикции ползва се в читалня 158760 Регионална библиотека "Любен Каравелов" Русе Регионална библиотека "Любен Каравелов" Русе Читалня 2002-10-10 Читалня 15.99 120000672859 Ч 93/94/И 95 120000672859 1 8.18 Дост: Pk Вид: Ф N: 35 Дата: 10.10.2002 Дата инв: 28.03.2017 Бележки инв: Ч2017 Книги
  Не е изгубен   Не е повреден без рестрикции ползва се в читалня 158761 Регионална библиотека "Любен Каравелов" Русе Регионална библиотека "Любен Каравелов" Русе Хранилище 2004-01-07 Хранилище 15.99 120000681509 Цб 212934 120000681509 2 8.18 Дост: Dp Вид: Д N: 2 Дата: 18.12.2002 Книги
  Не е изгубен Universal Decimal Classification Не е повреден без рестрикции заемане за дома 158762 Регионална библиотека "Любен Каравелов" Русе Регионална библиотека "Любен Каравелов" Русе Дубликат 2006-11-07 Заемна - подръчен фонд 15.99 120000706477 94(47)/И 95 120000706477 3 8.18 Дост: Pk Вид: Ф N: 20 Дата: 07.11.2006 Дата инв: 07.03.2018 Бележки инв: П2018 Книги
  Не е изгубен Universal Decimal Classification Не е повреден без рестрикции заемане за дома 158763 Регионална библиотека "Любен Каравелов" Русе Регионална библиотека "Любен Каравелов" Русе Заемна - подръчен фонд 2006-11-07 Заемна - подръчен фонд 15.99 120000706478 94(47)/И 95 120000706478 4 8.18 Дост: Pk Вид: Ф N: 20 Дата: 07.11.2006 Книги
Изтеглен Не е изгубен Universal Decimal Classification Не е повреден без рестрикции заемане за дома 158764 Регионална библиотека "Любен Каравелов" Русе Регионална библиотека "Любен Каравелов" Русе Заемна - подръчен фонд 2006-12-27 Заемна - подръчен фонд 15.99 120000707848 П 947/И 95 120000707848 5 8.18 Дост: Pk Вид: Ф N: 47554 Дата: 20.12.2006 Книги
Vip Innovations Ltd, Rousse, Bulgaria 2025